000 00791nam a2200265 a 4500
001 BRL_1462
005 20190320211223.0
008 210114s1982----mx-oab####---#000-0#spa-#
020 _a9683800483
041 _aspa
044 _amx
050 4 _aGT4814
_b.F54 1982
245 1 0 _aFiestas de México
_cfotografías: Ruth D. Lechuga [y] Walter Reuter.
260 _aMéxico
_bPanorama
_c1982
300 _a271 p.
_bil., fotografías, mapas
_c22 cm.
500 _aAu1762
500 _aIncluye índice de fechas
650 1 4 _aFestivales
_zMéxico
_927001
650 1 4 _aDías festivos
_zMéxico
_926586
651 4 _aMéxico
_xVida social y costumbres
_9769
700 1 _aLechuga, Ruth D.
_d1920-2004
_eil.
_92443
700 1 _aReuter, Walter
_eil.
_927002
902 _aGRL
942 _2lcc
_cB
999 _c10272
_d10272